000 01129cam a2200361 i 4500
001 768714001
003 CO-MdFUSB
005 20220311114422.0
007 ta
008 990415t19991999maua b 000 0 eng
020 _a1565633962
040 _aDLC
_cCO-MdFUSB
_dUtOrBLW
_bspa
_erda
041 _aeng
082 _223
_a242.2
_bD273
090 _aBV4810
245 0 0 _aDay by day with the early church fathers
_c/ compilado y editado por Christopher D. Hudson , J. Alan Scharrer , Lindsay Vanker.
264 1 _aPeabody, MA :
_bHendrickson,
_c[1999]
264 4 _c©1999.
300 _a389 páginas :
_bilustraciones ;
_c24 cm.
336 _atexto
_btxt
_2rdacontent.
337 _asin mediación
_bn
_2rdamedia.
338 _avolumen
_bnc
_2rdacarrier.
504 _aIncluye referencias bibliográficas (página 380).
650 7 _aPadres de la Iglesia
_959
650 0 _aVida espiritual
_951
653 _aDevocional.
700 1 _aHudson, Christopher D.
_eeditor
700 1 _aSharrer, J. Alan.
_eeditor
700 1 _aVanker, Lindsay.
_eeditor
942 _cBK
945 _aJTF-925
999 _c66826
_d66826